[Event "Faxe Dags op"]
[Site "Faxe"]
[Date "2015.04.22"]
[Round "3"]
[White "Eckert, Svend"]
[Black "Stuhr, Finn"]
[Result "0-1"]
[WhiteElo "1708"]
[BlackElo "1823"]
[PlyCount "80"]
[EventDate "2015.04.07"]
[EventType "swiss"]
[EventRounds "7"]
[EventCountry "DEN"]
[SourceTitle "EXT 2021"]
[Source "ChessBase"]
[SourceDate "2020.10.23"]
[SourceVersion "1"]
[SourceVersionDate "2020.10.23"]
[SourceQuality "1"]

1. c4 b6 2. d4 Bb7 3. Nc3 e6 4. e4 Bb4 5. Bd3 Nf6 6. Qc2 Nc6 7. Nge2 e5 8. a3 Bxc3+ 9. bxc3 d6 10. d5 Ne7 11. f4 Nd7 12. f5 f6 13. Be3 Nc5 14. Bxc5 dxc5 15. 0-0 Qd6 16. Ng3 0-0-0 17. Nh5 Rhg8 18. Rf3 Rdf8 19. Raf1 c6 20. Rg3 g6 21. fxg6 hxg6 22. Qe2 gxh5 23. Rxg8 Rxg8 24. Qxh5 Rg5 25. Qh8+ Ng8 26. Be2 Qf8 27. Qh3+ Kd8 28. dxc6 Bxc6 29. Rd1+ Kc7 30. Bg4 Qg7 31. Bf3 Qf7 32. Bg4 Ne7 33. Bd7 Bxe4 34. Be6 Qg7 35. Rd7+ Kb8 36. g3 f5 37. Bd5 Bxd5 38. cxd5 Qf6 39. Qf1 Nxd5 40. Qa6 Nc7 0-1

[Event "Faxe Dags op"]
[Site "Faxe"]
[Date "2015.04.08"]
[Round "1"]
[White "Eckert, Svend"]
[Black "Nielsen, Jan Mose"]
[Result "0-1"]
[WhiteElo "1708"]
[BlackElo "2128"]
[PlyCount "110"]
[EventDate "2015.04.07"]
[EventType "swiss"]
[EventRounds "7"]
[EventCountry "DEN"]
[SourceTitle "EXT 2021"]
[Source "ChessBase"]
[SourceDate "2020.10.23"]
[SourceVersion "1"]
[SourceVersionDate "2020.10.23"]
[SourceQuality "1"]

1. c4 c6 2. d4 d5 3. e3 Nf6 4. Nc3 a6 5. Nf3 b5 6. cxd5 cxd5 7. a3 Bg4 8. Be2 Nbd7 9. 0-0 e6 10. Bd2 Bd6 11. Rc1 h5 12. h3 Ne4 13. Ne1 Bf5 14. Nxe4 Bxe4 15. f3 Bf5 16. f4 Nf6 17. Nd3 Ne4 18. Be1 Rc8 19. Rxc8 Qxc8 20. Ne5 Nf6 21. Bh4 Ne4 22. Qc1 Qa8 23. Qc6+ Qxc6 24. Nxc6 Kd7 25. Rc1 Rc8 26. Ne5+ Bxe5 27. Rxc8 Kxc8 28. fxe5 g5 29. Be1 g4 30. hxg4 Bxg4 31. Bxg4 hxg4 32. Kh2 Kc7 33. b4 Kd7 34. Kg1 Ke7 35. Kf1 Kf8 36. Ke2 Kg7 37. g3 Kg6 38. Kd3 Kg5 39. Kc2 Kf5 40. Kd3 Ng5 41. Bf2 Nf3 42. e4+ dxe4+ 43. Ke3 Ng5 44. Be1 Nh7 45. Bf2 Nf8 46. Kd2 Nd7 47. Be3 Nb6 48. Kc3 Nc4 49. Bc1 e3 50. Kd3 e2 51. Kxe2 Ke4 52. Kd1 Kxd4 53. Kc2 Nxe5 54. Bb2+ Ke4 55. Bxe5 Kxe5 0-1

[Event "Faxe anniversity"]
[Site "Faxe"]
[Date "2014.05.21"]
[Round "7"]
[White "Rasmussen, Frede"]
[Black "Eckert, Svend"]
[Result "0-1"]
[WhiteElo "1456"]
[BlackElo "1579"]
[PlyCount "66"]
[EventDate "2014.03.26"]
[EventType "swiss"]
[EventRounds "7"]
[EventCountry "DEN"]
[SourceTitle "EXT 2023"]
[Source "ChessBase"]
[SourceDate "2022.10.05"]
[SourceVersion "1"]
[SourceVersionDate "2022.10.05"]
[SourceQuality "1"]

1. d4 Nf6 2. Bf4 d6 3. h3 Nbd7 4. Nf3 b6 5. Nbd2 Bb7 6. e3 Rc8 7. Bd3 c5 8. c3 g6 9. Qe2 Bg7 10. Ba6 Qc7 11. 0-0 0-0 12. Rfc1 Nd5 13. Bg3 e5 14. Bxb7 Qxb7 15. e4 Nf4 16. Bxf4 exf4 17. d5 b5 18. Rab1 c4 19. Rc2 Rfe8 20. Qf1 Nc5 21. Nd4 Bxd4 22. cxd4 Nxe4 23. Nf3 Qxd5 24. Qc1 g5 25. b3 h6 26. bxc4 Rxc4 27. Rxc4 Qxc4 28. Qxc4 bxc4 29. Rb7 Rc8 30. Rb1 c3 31. Rc1 Rb8 32. Ne1 Rb2 33. f3 Ng3 0-1

[Event "Faxe EMT"]
[Site "Faxe"]
[Date "2012.05.16"]
[Round "7"]
[White "Eckert, Svend"]
[Black "Andersen, Hans E"]
[Result "1-0"]
[WhiteElo "1630"]
[BlackElo "1576"]
[PlyCount "93"]
[EventDate "2012.03.28"]
[EventType "swiss"]
[EventRounds "7"]
[EventCountry "DEN"]
[SourceTitle "EXT 2023"]
[Source "ChessBase"]
[SourceDate "2022.10.05"]
[SourceVersion "1"]
[SourceVersionDate "2022.10.05"]
[SourceQuality "1"]

1. c4 Nf6 2. d4 c6 3. Nc3 d5 4. e3 Bf5 5. c5 e6 6. b4 b6 7. Bb2 Nbd7 8. Nf3 Qb8 9. a3 bxc5 10. dxc5 Nxc5 11. Nd4 Qb7 12. Nxf5 exf5 13. Qc2 Nce4 14. f3 Nd6 15. Na4 Be7 16. Rc1 Rc8 17. Nc5 Qb6 18. Bd4 Qc7 19. Ba6 Rb8 20. Be5 0-0 21. Bd3 g6 22. Na6 Qb6 23. Bd4 Qd8 24. Nxb8 Qxb8 25. 0-0 Rc8 26. Qc3 Nfe8 27. Rc2 Nb5 28. Bxb5 Qxb5 29. Bxa7 Bf6 30. Bd4 Bxd4 31. Qxd4 Nd6 32. Rc5 Qa6 33. Rfc1 Nc4 34. Qc3 Re8 35. Re1 Re6 36. e4 Qxa3 37. Rxc4 Qxc3 38. Rxc3 fxe4 39. fxe4 dxe4 40. Kf2 f5 41. g3 Rd6 42. Re2 Kf7 43. Ke3 Ke6 44. Rd2 Rxd2 45. Kxd2 Kd5 46. Ke3 g5 47. Rc5+ 1-0

[Event "Faxe EMT"]
[Site "Faxe"]
[Date "2005.03.30"]
[Round "1"]
[White "Eckert, Svend"]
[Black "Hansen, Arne Mandrup"]
[Result "1-0"]
[WhiteElo "1623"]
[BlackElo "1296"]
[PlyCount "91"]
[EventDate "2005.03.30"]
[EventType "swiss"]
[EventRounds "7"]
[EventCountry "DEN"]
[SourceTitle "EXT 2023"]
[Source "ChessBase"]
[SourceDate "2022.10.05"]
[SourceVersion "1"]
[SourceVersionDate "2022.10.05"]
[SourceQuality "1"]

1. c4 Nf6 2. d4 e5 3. d5 Bc5 4. Nc3 a5 5. e3 0-0 6. Bd3 d6 7. h3 Re8 8. Ne4 Nbd7 9. Ne2 Nxe4 10. Bxe4 Nf6 11. Ng3 Bd7 12. 0-0 b5 13. b3 a4 14. Bd2 b4 15. Bc2 axb3 16. Bxb3 Ra3 17. Qe1 Qb8 18. Kh1 Qb6 19. Bc1 Ra6 20. Bb2 Rea8 21. Qd2 Ba4 22. Qc2 Bxb3 23. axb3 Ra2 24. Rfb1 R8a6 25. Qc1 Qa7 26. Rxa2 Rxa2 27. Ra1 Rxa1 28. Qxa1 Qb7 29. Kg1 h6 30. Kf1 c6 31. e4 cxd5 32. exd5 Ba7 33. Qa5 Qb8 34. f3 Bc5 35. Nf5 Qf8 36. Ke2 g6 37. Ne3 Nh5 38. Kd2 f5 39. Nc2 Qb8 40. Bxe5 dxe5 41. Qxc5 Nf4 42. d6 e4 43. fxe4 fxe4 44. Qc7 e3+ 45. Nxe3 Qe8 46. d7 1-0